Giáo trình kỹ thuật phân tích vật lý

Saved in:
Bibliographic Details
Main Author: Phạm, Ngọc Nguyên
Format: Book
Published: Hà Nội Khoa học và kỹ thuật 2004
Subjects:
Tags: Add Tag
No Tags, Be the first to tag this record!
Institutions: Trung tâm Học liệu Lê Vũ Hùng, Trường Đại học Đồng Tháp
LEADER 00790pam a22002418a 4500
001 00039248
005 20171026081025.0
008 170518s2004 ||||||Viesd
041 0 # |a Vie 
082 1 4 |a 530.1  |b GI108TR 
100 1 # |a Phạm, Ngọc Nguyên 
245 1 0 |a Giáo trình kỹ thuật phân tích vật lý  |c Phạm Ngọc Nguyên 
260 # # |a Hà Nội  |b Khoa học và kỹ thuật  |c 2004 
300 # # |a 317tr.  |c 24 cm 
653 # # |a  kỹ thuật phân tích 
653 # # |a Giáo trình 
653 # # |a  vật lý 
852 # # |b Kho mượn  |j KGT.0052897 
852 # # |b Kho đọc  |j KD.0022064 
852 # # |j KD.0022064  |j KGT.0052897 
910 |d 18/05/2017 
980 # # |a Trung tâm Học liệu Lê Vũ Hùng, Trường Đại học Đồng Tháp